| 000 | 00844nam a2200253 i 4500 | ||
|---|---|---|---|
| 001 | 77912 | ||
| 003 | ES-MaACL | ||
| 005 | 20240227155501.0 | ||
| 007 | t| | ||
| 008 | 041115s1976 sp ||||1| spa d | ||
| 020 | _a84-309-0683-5 | ||
| 080 | _a323(460) | ||
| 100 | 1 |
_aLucas Verdú, Pablo. _974549 |
|
| 245 | 1 | 3 |
_aLa octava ley fundamental : _bcrítica jurídico-política de la reforma de Suárez / _cPablo Lucas Verdú ; prólogo de Enrique Tierno Galván. |
| 260 |
_aMadrid : _bTecnos, _c1976. |
||
| 300 |
_a128 p. ; _c20 cm. |
||
| 490 | 1 | _aVentana abierta | |
| 500 | _aApéndices, p. 103-122. | ||
| 651 | 4 |
_aEspaña- _xHistoria- _y1975-1982, Transición. _9149272 |
|
| 700 | 1 |
_aTierno Galván, Enrique, _d1918-1986 _9110235 |
|
| 830 | 1 |
_aVentana abierta _9179022 |
|
| 852 | 4 |
_aES-MaACL _jE-10381 |
|
| 999 |
_c77912 _d77912 |
||